Statistics for Countries who appeared at the FIFA World cup at least 5 times

Click here to take the quiz!

General Stats

  • This quiz has been taken 304 times
  • The average score is 26 of 31

Answer Stats

Appearances Answer % Correct
16Argentina
99%
18Germany
99%
20Brazil
99%
14Spain
98%
18Italy
98%
14England
97%
12Uruguay
97%
15Mexico
97%
14France
96%
11Russia
95%
6Portugal
94%
10Netherlands
93%
9Chile
92%
10United States
92%
11Sweden
92%
5Japan
91%
12Belgium
89%
5Colombia
88%
9South Korea
86%
7Poland
82%
10Switzerland
82%
7Austria
79%
9Hungary
77%
8Paraguay
76%
5Nigeria
75%
7Cameroon
72%
9Czech Republic
66%
7Romania
65%
7Bulgaria
62%
8Scotland
60%
11Serbia
56%

Score Distribution

Percentile by Number Answered

Percent of People with Each Score

Your Score History

You have not taken this quiz